| 000 | 00601nam a2200193Ia 4500 | ||
|---|---|---|---|
| 999 |
_c2471 _d2471 |
||
| 003 | OSt | ||
| 005 | 20200818102930.0 | ||
| 008 | 190216s9999||||xx |||||||||||||| ||und|| | ||
| 020 | _a0471060321 | ||
| 040 | _coclc | ||
| 082 |
_a547.072 _bSHR/S |
||
| 100 |
_aShriner, Ralph L _94171 |
||
| 245 | 0 |
_aThe Systematic Identification Of Organic Compounds / _cRalph L Shriner ; R C Fuson ; D Y Curtin ; T C Morrill |
|
| 250 | _a6th Ed. | ||
| 260 |
_bJohn Wiley & Sons, _c1980. _aNew York: |
||
| 300 | _a604p | ||
| 650 | _aChemistry | ||
| 942 |
_cBK _2ddc _h547.072 _iSHR/S _k547.072 _mSHR/S |
||